[Event "XXVII Festival Conca della Presolana A"]
[Site "Bratto - Castione della Presolana ITA"]
[Date "2007.08.24"]
[Round "2"]
[White "Fierro Baquero, Martha Lorena"]
[Black "Gasperoni, Stefano"]
[Result "1-0"]
[WhiteElo "2344"]
[BlackElo "2024"]
[PlyCount "87"]
[EventDate "2007.08.23"]

1. e4 e5 2. Nf3 Nc6 3. Bb5 a6 4. Ba4 Nf6 5. d3 b5 6. Bb3 Be7 7. O-O d6 8. c3
O-O 9. Nbd2 Na5 10. Bc2 c5 11. Re1 Nc6 12. Nf1 Nd7 13. Ne3 Nb6 14. h3 Bf6 15.
Nh2 Bg5 16. Qf3 Qf6 17. Nf5 Bxc1 18. Ng4 Qg5 19. Raxc1 Bxf5 20. exf5 Ne7 21. f6
Ng6 22. Qc6 Rab8 23. Qxd6 h5 24. Ne3 Nf4 25. h4 Qxh4 26. fxg7 Rfe8 27. Qh6 Ng6
28. Nf5 Qf4 29. Qxh5 Re6 30. g3 Qd2 31. Qe2 Qg5 32. Qe4 Rf6 33. d4 cxd4 34.
cxd4 Nc4 35. dxe5 Ncxe5 36. f4 Nxf4 37. Qxf4 Qxf4 38. gxf4 Nf3+ 39. Kf2 Nxe1
40. Rxe1 Rd8 41. Rh1 Rd2+ 42. Ke3 Rxf5 43. Kxd2 Rxf4 44. Rg1 1-0

[Event "XXVII Festival Conca della Presolana A"]
[Site "Bratto - Castione della Presolana ITA"]
[Date "2007.08.24"]
[Round "2"]
[White "Fontana, Enrico"]
[Black "Salmoiraghi, Angelo"]
[Result "1/2-1/2"]
[WhiteElo "2128"]
[BlackElo "2031"]
[PlyCount "72"]
[EventDate "2007.08.23"]

1. d4 d5 2. Nf3 Nc6 3. e3 Bg4 4. Be2 Nf6 5. Nbd2 e6 6. O-O Be7 7. c3 O-O 8. Qc2
Bf5 9. Bd3 Bxd3 10. Qxd3 Qd6 11. e4 dxe4 12. Nxe4 Nxe4 13. Qxe4 Qd5 14. Qxd5
exd5 15. Bf4 Rac8 16. Rfe1 Rfe8 17. Re2 Nd8 18. Rae1 Ne6 19. Ng5 Nxf4 20. Rxe7
Rxe7 21. Rxe7 h6 22. Nf3 Kf8 23. Re3 Ng6 24. Ne5 Nxe5 25. Rxe5 Re8 26. f4 Rxe5
27. dxe5 f6 28. exf6 g6 29. g4 g5 30. f5 c5 31. b4 b6 32. bxc5 bxc5 33. Kf2 Kf7
34. Ke3 Kxf6 35. Kd3 Ke5 36. Kc2 a6 1/2-1/2

[Event "XXVII Festival Conca della Presolana A"]
[Site "Bratto - Castione della Presolana ITA"]
[Date "2007.08.24"]
[Round "2"]
[White "Godena, Michele"]
[Black "Dvirnyy, Danyyil"]
[Result "1-0"]
[WhiteElo "2547"]
[BlackElo "2365"]
[PlyCount "43"]
[EventDate "2007.08.23"]

1. e4 c5 2. Nf3 g6 3. Bc4 Bg7 4. c3 Nc6 5. d4 cxd4 6. cxd4 d6 7. Nc3 Nf6 8. Bb3
O-O 9. h3 b5 10. O-O b4 11. Nd5 Bb7 12. Nxf6+ Bxf6 13. Bh6 Bg7 14. Qd2 a5 15.
Rfe1 a4 16. Bd5 Qb6 17. Rac1 Rac8 18. Rc4 Rb8 19. Rec1 Rfc8 20. Kh2 Ba8 21. Qf4
e6 22. Ng5 1-0

[Event "XXVII Festival Conca della Presolana A"]
[Site "Bratto - Castione della Presolana ITA"]
[Date "2007.08.24"]
[Round "2"]
[White "Griffa, Roberto"]
[Black "Jablon, Stephen"]
[Result "1-0"]
[WhiteElo "2121"]
[BlackElo "2024"]
[PlyCount "81"]
[EventDate "2007.08.23"]

1. d4 Nc6 2. Nf3 d5 3. Bf4 Nf6 4. e3 Bg4 5. Nbd2 e6 6. h3 Bh5 7. Be2 Bd6 8. Ne5
Bxe2 9. Qxe2 Bxe5 10. dxe5 Nd7 11. Qg4 Ncxe5 12. Qxg7 Ng6 13. O-O-O c6 14. h4
Qf6 15. Qxf6 Nxf6 16. Bg5 Ng4 17. h5 Nxf2 18. hxg6 fxg6 19. Bf6 O-O 20. Bh4
Nxh1 21. Rxh1 Rf7 22. Nf3 Raf8 23. Be1 Rf5 24. Bc3 a6 25. a4 Re8 26. Kd2 e5 27.
Ke2 e4 28. Nd4 Rf7 29. a5 Ref8 30. Be1 Re8 31. Nb3 Re5 32. Nc5 Rg5 33. g3 Re7
34. Rf1 Rh5 35. Rf2 Rh3 36. Rg2 Kf7 37. Bb4 Rc7 38. Rf2+ Ke8 39. Ne6 Rf7 40.
Rxf7 Kxf7 41. Ng5+ 1-0

[Event "XXVII Festival Conca della Presolana A"]
[Site "Bratto - Castione della Presolana ITA"]
[Date "2007.08.24"]
[Round "2"]
[White "Guido, Flavio"]
[Black "Brunello, Sabino"]
[Result "0-1"]
[WhiteElo "2331"]
[BlackElo "2475"]
[PlyCount "60"]
[EventDate "2007.08.23"]

1. e4 e5 2. Nf3 Nc6 3. Bc4 Bc5 4. c3 Nf6 5. d3 O-O 6. O-O d5 7. exd5 Nxd5 8.
Re1 Bg4 9. h3 Bh5 10. Nbd2 Nb6 11. Bb5 Bd6 12. a4 a6 13. Bxc6 bxc6 14. Ne4 f5
15. Ng3 Bxf3 16. Qxf3 Qd7 17. Nf1 Rae8 18. Qd1 a5 19. Nd2 e4 20. dxe4 fxe4 21.
Qb3+ Kh8 22. Nxe4 Qf5 23. Qc2 Nd5 24. Re2 Qh5 25. Kf1 Bf4 26. Bxf4 Nxf4 27. Rd2
Qg6 28. Ng3 Qxg3 29. fxg3 Ne2+ 30. Ke1 Nd4+ 0-1

[Event "XXVII Festival Conca della Presolana A"]
[Site "Bratto - Castione della Presolana ITA"]
[Date "2007.08.24"]
[Round "2"]
[White "Hoffmann, Michael"]
[Black "Wall, Gavin"]
[Result "1-0"]
[WhiteElo "2481"]
[BlackElo "2328"]
[PlyCount "53"]
[EventDate "2007.08.23"]

1. e4 e5 2. Nf3 d6 3. d4 exd4 4. Nxd4 Nf6 5. Nc3 Be7 6. Nde2 c6 7. g3 b5 8. a3
Bb7 9. Bg2 Nbd7 10. Nd4 Qc7 11. O-O g6 12. Bh6 Qb6 13. h3 Rd8 14. Qd2 Ne5 15.
b3 Bf8 16. Rad1 Bxh6 17. Qxh6 Qc5 18. Nce2 Ned7 19. g4 Qxa3 20. g5 Nh5 21. Bf3
Ne5 22. Bxh5 gxh5 23. Qf6 Rg8 24. Nf5 Rxg5+ 25. Neg3 Rxg3+ 26. fxg3 Qc5+ 27.
Kh1 1-0

[Event "XXVII Festival Conca della Presolana A"]
[Site "Bratto - Castione della Presolana ITA"]
[Date "2007.08.24"]
[Round "2"]
[White "Horvath, Csaba"]
[Black "Rombaldoni, Denis"]
[Result "0-1"]
[WhiteElo "2558"]
[BlackElo "2383"]
[PlyCount "74"]
[EventDate "2007.08.23"]

1. Nf3 Nf6 2. c4 e6 3. g3 d5 4. Bg2 dxc4 5. Qa4+ Nbd7 6. Qxc4 c5 7. O-O a6 8.
Qb3 Qc7 9. d4 b5 10. Bf4 Bd6 11. dxc5 Bxf4 12. gxf4 Qxc5 13. Ne5 Rb8 14. Nd2
Nxe5 15. Rac1 Qd4 16. fxe5 Qxe5 17. Nf3 Qf4 18. e3 Qa4 19. Ne5 O-O 20. Rc7 Qh4
21. Qd1 Bb7 22. Rxb7 Rxb7 23. Bxb7 Qg5+ 24. Kh1 Qxe5 25. Qd4 Qc7 26. Bf3 Rd8
27. Qb4 g6 28. Kg2 e5 29. a4 Rb8 30. Qc3 Qxc3 31. bxc3 bxa4 32. Ra1 e4 33. Be2
Rb2 34. Kf1 Nd5 35. Bxa6 Nxc3 36. Bc4 Rb4 37. Ba2 a3 0-1

[Event "XXVII Festival Conca della Presolana A"]
[Site "Bratto - Castione della Presolana ITA"]
[Date "2007.08.24"]
[Round "2"]
[White "Hunt, Adam C."]
[Black "Tocchioni, Doriano"]
[Result "1/2-1/2"]
[WhiteElo "2461"]
[BlackElo "2261"]
[PlyCount "157"]
[EventDate "2007.08.23"]

1. e4 d5 2. exd5 Qxd5 3. Nc3 Qd6 4. d4 c6 5. g3 Nf6 6. Bf4 Qb4 7. a3 Qa5 8. b4
Qd8 9. Bg2 Bg4 10. Nge2 e6 11. h3 Bh5 12. g4 Bg6 13. O-O a6 14. Na4 Nd5 15. Bg3
b5 16. Nc5 Ra7 17. Nf4 Bxc5 18. dxc5 O-O 19. Nxg6 hxg6 20. Qd2 Nd7 21. a4 Qa8
22. Ra3 Qb7 23. Rfa1 Rfa8 24. Kh2 a5 25. axb5 Qxb5 26. c3 a4 27. Bf1 Qb7 28.
Be2 e5 29. Qd3 Nf4 30. Bxf4 exf4 31. Qc2 Qc7 32. Kg1 Ne5 33. Rxa4 Rxa4 34. Rxa4
Rxa4 35. Qxa4 f3 36. Bf1 Qd7 37. b5 cxb5 38. Qxb5 Qc8 39. Qb4 g5 40. Qd4 Qe8
41. Bb5 Qxb5 42. Qxe5 Qb1+ 43. Kh2 g6 44. c6 Kh7 45. Qg3 Qd3 46. Qc7 Kh6 47.
Qe5 Kh7 48. Qf6 Qd5 49. Kg3 Qc4 50. Kxf3 Qd3+ 51. Kg2 Qd5+ 52. Kg3 Qd3+ 53. f3
Qe3 54. Qd4 Qe1+ 55. Kg2 Qe2+ 56. Qf2 Qc4 57. Qe3 Qxc6 58. Kf2 Qc7 59. Ke2 Qh2+
60. Kd3 Qxh3 61. c4 Qf1+ 62. Kd4 Qa1+ 63. Kd5 Qa8+ 64. Kd4 Qa1+ 65. Qc3 Qd1+
66. Kc5 Qd8 67. Qe5 Qa5+ 68. Kd6 Qa6+ 69. Ke7 Qxc4 70. Kf8 Qc8+ 71. Kxf7 Qb7+
72. Kf6 Qxf3+ 73. Kxg5 Qf7 74. Qh2+ Kg8 75. Qh6 Qe7+ 76. Kxg6 Qd6+ 77. Kh5 Qh2+
78. Kg5 Qd2+ 79. Kh5 1/2-1/2

[Event "XXVII Festival Conca della Presolana A"]
[Site "Bratto - Castione della Presolana ITA"]
[Date "2007.08.24"]
[Round "2"]
[White "Lampl, Gerald"]
[Black "Pulvirenti, Gianni"]
[Result "1-0"]
[WhiteElo "2099"]
[BlackElo "1987"]
[PlyCount "55"]
[EventDate "2007.08.23"]

1. d4 g6 2. c4 d6 3. Nc3 Nd7 4. e4 Bg7 5. Be3 c6 6. Qd2 a6 7. Bd3 e5 8. Nge2
Qc7 9. f3 Ndf6 10. O-O Ne7 11. dxe5 dxe5 12. Na4 Be6 13. Bb6 Qc8 14. Qb4 Nd7
15. Rfd1 f5 16. Qd6 Kf7 17. Nec3 Bf8 18. Qc7 Nxb6 19. Qxb6 Bg7 20. Rac1 Rd8 21.
Nd5 Bf8 22. Be2 Rb8 23. Qf2 Nxd5 24. cxd5 Bd7 25. Bc4 b5 26. Nb6 Rxb6 27. Qxb6
bxc4 28. dxc6 1-0

[Event "XXVII Festival Conca della Presolana A"]
[Site "Bratto - Castione della Presolana ITA"]
[Date "2007.08.24"]
[Round "2"]
[White "Lanzani, Mario"]
[Black "Jaracz, Pawel"]
[Result "0-1"]
[WhiteElo "2336"]
[BlackElo "2495"]
[PlyCount "70"]
[EventDate "2007.08.23"]

1. d4 Nf6 2. c4 g6 3. Nc3 d5 4. h4 c6 5. cxd5 cxd5 6. Bf4 Nc6 7. e3 Bg7 8. Be2
Ne4 9. Nf3 Nxc3 10. bxc3 O-O 11. h5 Bf5 12. hxg6 hxg6 13. c4 dxc4 14. Bxc4 Qa5+
15. Qd2 Rac8 16. Bb3 Rfd8 17. Rd1 Qxd2+ 18. Rxd2 Na5 19. Ke2 Nxb3 20. axb3 Rc3
21. Rb2 f6 22. Ra1 a6 23. Ra5 Bf8 24. Nd2 Bd3+ 25. Kf3 Bb5 26. Nb1 Bc6+ 27. Ke2
Rc1 28. f3 Bb5+ 29. Kf2 g5 30. Bh2 Rf1+ 31. Kg3 e6 32. Nd2 Rh1 33. Ne4 Kf7 34.
Rba2 Bb4 35. Ra1 Be1+ 0-1

[Event "XXVII Festival Conca della Presolana A"]
[Site "Bratto - Castione della Presolana ITA"]
[Date "2007.08.24"]
[Round "2"]
[White "Lapiccirella, Daniele"]
[Black "Radice, Luca"]
[Result "1-0"]
[WhiteElo "2164"]
[BlackElo "2056"]
[PlyCount "57"]
[EventDate "2007.08.23"]

1. d4 d6 2. c4 f5 3. Nf3 Nf6 4. Nc3 g6 5. e3 Bg7 6. Be2 O-O 7. O-O Qe8 8. b4 e5
9. dxe5 dxe5 10. Nd5 Nxd5 11. Qxd5+ Be6 12. Qxb7 Nc6 13. Ng5 Rb8 14. Qxc7 e4
15. Bb2 Bf7 16. Bxg7 Kxg7 17. b5 Ne5 18. Qxa7 h6 19. Nxf7 Rxf7 20. Qd4 Kh7 21.
a4 g5 22. c5 g4 23. Kh1 Rg7 24. c6 Rd8 25. Qc3 Nf3 26. gxf3 gxf3 27. Rg1 Rg2
28. Rxg2 fxg2+ 29. Kg1 1-0

[Event "XXVII Festival Conca della Presolana A"]
[Site "Bratto - Castione della Presolana ITA"]
[Date "2007.08.24"]
[Round "2"]
[White "Maccagno, Giancarlo"]
[Black "Gallucci, Alessio"]
[Result "0-1"]
[WhiteElo "2109"]
[BlackElo "2006"]
[PlyCount "94"]
[EventDate "2007.08.23"]

1. e4 c5 2. c3 d5 3. exd5 Qxd5 4. d4 Nc6 5. Nf3 Bg4 6. Be2 cxd4 7. cxd4 e6 8.
Nc3 Qd6 9. Be3 Nf6 10. O-O Be7 11. h3 Bh5 12. Nb5 Qd7 13. Ne5 Bxe2 14. Nxd7
Bxd1 15. Nxf6+ Bxf6 16. Rfxd1 O-O 17. d5 exd5 18. Nc7 Rad8 19. Nxd5 Bxb2 20.
Rab1 Bd4 21. Bxd4 Rxd5 22. Be3 Rxd1+ 23. Rxd1 f6 24. Kf1 Rf7 25. Ke2 Kf8 26.
Bc5+ Ke8 27. Ke3 Rd7 28. Re1 Kf7 29. f4 b6 30. Ba3 Nd4 31. Rc1 Nf5+ 32. Ke2
Nd4+ 33. Ke3 Nb5 34. Bb2 Nc7 35. g4 Nd5+ 36. Kf3 Nb4 37. a3 Nd3 38. Rd1 Ne5+
39. Ke2 Rxd1 40. Kxd1 Nd3 41. Bc1 Nxc1 42. Kxc1 Ke6 43. Kc2 g6 44. Kd3 Kd5 45.
h4 f5 46. gxf5 gxf5 47. h5 h6 0-1

[Event "XXVII Festival Conca della Presolana A"]
[Site "Bratto - Castione della Presolana ITA"]
[Date "2007.08.24"]
[Round "2"]
[White "Massironi, Marco"]
[Black "Mazzariol, Oscar"]
[Result "1/2-1/2"]
[WhiteElo "2129"]
[BlackElo "2035"]
[PlyCount "69"]
[EventDate "2007.08.23"]

1. e4 c5 2. Nf3 e6 3. d4 cxd4 4. Nxd4 Nf6 5. Nc3 d6 6. Be3 Be7 7. g3 a6 8. Bg2
Nc6 9. O-O Qc7 10. f4 Bd7 11. h3 O-O 12. Nde2 Na5 13. Kh1 Nc4 14. Bc1 b5 15. a3
Rac8 16. g4 Bc6 17. g5 Nd7 18. b3 Ncb6 19. Bb2 Rfd8 20. Nd4 Bb7 21. Qg4 Bf8 22.
Rae1 Qc5 23. Nd1 Re8 24. Nf2 g6 25. Nd3 Qc7 26. f5 exf5 27. exf5 Bxg2+ 28. Qxg2
Ne5 29. Nxe5 dxe5 30. Nf3 Qxc2 31. Re2 Qxb3 32. Bxe5 Nc4 33. Nd4 Qd3 34. Rf3
Qd1+ 35. Rf1 1/2-1/2

[Event "XXVII Festival Conca della Presolana A"]
[Site "Bratto - Castione della Presolana ITA"]
[Date "2007.08.24"]
[Round "2"]
[White "Melotti, Dario"]
[Black "Valsecchi, Alessio"]
[Result "1/2-1/2"]
[WhiteElo "2067"]
[BlackElo "2175"]
[PlyCount "90"]
[EventDate "2007.08.23"]

1. c4 Nf6 2. Nc3 g6 3. g3 Bg7 4. Bg2 O-O 5. b4 c6 6. Qb3 d5 7. cxd5 cxd5 8. d4
Be6 9. Nf3 Ne4 10. Na4 Nd7 11. O-O b6 12. Bf4 f6 13. Nd2 Bf7 14. f3 Nxd2 15.
Bxd2 e5 16. e3 exd4 17. exd4 f5 18. Qd3 Qf6 19. Be3 Rfe8 20. Bf2 g5 21. Rac1 f4
22. Qb5 Nf8 23. Rc6 Qe7 24. Bh3 Ne6 25. Rd1 Nxd4 26. Rxd4 Bxd4 27. Bxd4 fxg3
28. Rc1 gxh2+ 29. Kh1 Qd6 30. Qd3 Qg3 31. Bf5 Re1+ 32. Rxe1 Qxe1+ 33. Kxh2 Re8
34. Nc3 Qh4+ 35. Kg2 Re1 36. Bg1 Ra1 37. Qd4 Qe1 38. Qe3 Qxe3 39. Bxe3 Re1 40.
Bd4 Re7 41. Kf2 Rc7 42. Ke3 h5 43. a3 Re7+ 44. Kf2 Rc7 45. Ke3 Re7+ 1/2-1/2

[Event "XXVII Festival Conca della Presolana A"]
[Site "Bratto - Castione della Presolana ITA"]
[Date "2007.08.24"]
[Round "2"]
[White "Mogranzini, Roberto"]
[Black "Piemonti, Carlo"]
[Result "1-0"]
[WhiteElo "2411"]
[BlackElo "2029"]
[PlyCount "59"]
[EventDate "2007.08.23"]

1. e4 c5 2. Nf3 Nc6 3. d4 cxd4 4. Nxd4 Nf6 5. Nc3 d6 6. Be2 e6 7. O-O Be7 8.
Be3 a6 9. a4 O-O 10. f4 Qc7 11. Kh1 Bd7 12. Nb3 b6 13. Bf3 Rab8 14. Qe2 Bc8 15.
Rad1 Bb7 16. Qf2 Nd7 17. Qg3 Rfe8 18. Nd4 Bf8 19. Be2 Nc5 20. Bd3 Nxd3 21. cxd3
Nxd4 22. Bxd4 f5 23. Rc1 Qd7 24. exf5 exf5 25. Bxb6 Ba8 26. a5 Re6 27. Rc2 Rbe8
28. d4 Re3 29. Qf2 Qe6 30. d5 1-0

[Event "XXVII Festival Conca della Presolana A"]
[Site "Bratto - Castione della Presolana ITA"]
[Date "2007.08.24"]
[Round "2"]
[White "Moncelli, Giorgio"]
[Black "Madiai, Federico"]
[Result "0-1"]
[WhiteElo "2147"]
[BlackElo "2044"]
[PlyCount "78"]
[EventDate "2007.08.23"]

1. d4 Nf6 2. Nf3 g6 3. Bg5 Ne4 4. Bh4 Bg7 5. Nbd2 d5 6. e3 c5 7. c3 Qb6 8. Nxe4
dxe4 9. Nd2 Qxb2 10. Be2 Nd7 11. O-O Qxc3 12. Nxe4 Qa5 13. Rc1 cxd4 14. exd4
O-O 15. Bxe7 Re8 16. Nd6 Rxe7 17. Nxc8 Re4 18. Bf3 Rxd4 19. Qe2 Qe5 20. Qxe5
Nxe5 21. Bxb7 Rb8 22. Bd5 Bf8 23. Bb3 a5 24. f4 Nd3 25. Rc7 Bc5 26. Rxc5 Nxc5
27. Ne7+ Kg7 28. Nc6 Nxb3 29. axb3 Rdb4 30. Nxb8 Rxb8 31. Ra1 Rb5 32. Kf2 h5
33. Ra4 Kf6 34. g3 Kf5 35. h3 h4 36. g4+ Ke6 37. Kg2 Kd5 38. f5 g5 39. Ra1 Kc6
0-1

[Event "XXVII Festival Conca della Presolana A"]
[Site "Bratto - Castione della Presolana ITA"]
[Date "2007.08.24"]
[Round "2"]
[White "Parodi, Alessandro"]
[Black "Astengo, Corrado"]
[Result "1/2-1/2"]
[WhiteElo "1961"]
[BlackElo "2109"]
[PlyCount "36"]
[EventDate "2007.08.23"]

1. d4 d5 2. Nf3 c6 3. c4 e6 4. cxd5 exd5 5. Nc3 Nf6 6. Bg5 Be7 7. Qc2 g6 8. e3
Bf5 9. Bd3 Bxd3 10. Qxd3 Nbd7 11. O-O O-O 12. Rab1 a5 13. Qc2 Re8 14. a3 Ne4
15. Nxe4 dxe4 16. Bxe7 Qxe7 17. Nd2 Nf6 18. b4 axb4 1/2-1/2

[Event "XXVII Festival Conca della Presolana A"]
[Site "Bratto - Castione della Presolana ITA"]
[Date "2007.08.24"]
[Round "2"]
[White "Pegoraro, Nicola"]
[Black "Buono, Michele"]
[Result "0-1"]
[WhiteElo "2061"]
[BlackElo "2170"]
[PlyCount "52"]
[EventDate "2007.08.23"]

1. e4 g6 2. d4 Bg7 3. Nc3 d5 4. e5 h5 5. Be3 Nh6 6. Bd3 Nf5 7. Nf3 Nxe3 8. fxe3
Nc6 9. a3 Bg4 10. h3 Bxf3 11. Qxf3 e6 12. O-O O-O 13. Ne2 Qg5 14. Qg3 Bh6 15.
Rf3 Qxg3 16. Nxg3 Ne7 17. Raf1 c5 18. c3 Rab8 19. e4 cxd4 20. cxd4 Rbd8 21. Rd1
Nc6 22. exd5 Nxd4 23. Rff1 Rxd5 24. Kh1 Rfd8 25. Be4 Ne2 26. Rxd5 Nxg3+ 0-1

[Event "XXVII Festival Conca della Presolana A"]
[Site "Bratto - Castione della Presolana ITA"]
[Date "2007.08.24"]
[Round "2"]
[White "Ranfagni, Stefano"]
[Black "Bracaglia, Carlo"]
[Result "0-1"]
[WhiteElo "2031"]
[BlackElo "2134"]
[PlyCount "118"]
[EventDate "2007.08.23"]

1. e4 c6 2. c4 d5 3. exd5 cxd5 4. cxd5 Nf6 5. Nc3 g6 6. d4 Bg7 7. Nf3 O-O 8.
Bc4 Nbd7 9. O-O Nb6 10. Bb3 Nbxd5 11. Re1 e6 12. Bg5 Nxc3 13. bxc3 Qc7 14. Rc1
b6 15. Ne5 Bb7 16. Qd3 Nd5 17. Qh3 Rae8 18. c4 Nb4 19. Bf4 Qd8 20. Red1 Nc6 21.
Ba4 Qa8 22. Nd7 Nxd4 23. Rxd4 Bxd4 24. Bd6 Rd8 25. Bxf8 Rxd7 26. Bxd7 Qxf8 27.
Rd1 Qc5 28. Qh4 e5 29. Ba4 Kg7 30. Bb3 Ba6 31. Qg3 Bxc4 32. Rc1 b5 33. a4 a6
34. axb5 axb5 35. Qf3 Bxf2+ 36. Kh1 Bd4 37. Qe4 Qa3 38. Rb1 Bxb3 39. Qd3 b4 40.
Qxb3 Qxb3 41. Rxb3 Bc3 42. Kg1 f5 43. Kf2 Kf6 44. Rb1 Ke6 45. h3 h5 46. g4 hxg4
47. hxg4 e4 48. gxf5+ gxf5 49. Ke2 Ke5 50. Kf2 Kf4 51. Ke2 e3 52. Rh1 Ke4 53.
Rh4+ f4 54. Rh3 b3 55. Rf3 b2 56. Rf1 Bd2 57. Rb1 Bc1 58. Rxc1 f3+ 59. Kd1
bxc1=Q+ 0-1

[Event "XXVII Festival Conca della Presolana A"]
[Site "Bratto - Castione della Presolana ITA"]
[Date "2007.08.24"]
[Round "2"]
[White "Rombaldoni, Axel"]
[Black "Salvador, Roland"]
[Result "1-0"]
[WhiteElo "2269"]
[BlackElo "2461"]
[PlyCount "131"]
[EventDate "2007.08.23"]

1. e4 c5 2. Nf3 Nc6 3. d4 cxd4 4. Nxd4 e5 5. Nb5 d6 6. a4 Be6 7. N1c3 a6 8. Na3
Rc8 9. Bc4 Nf6 10. Bg5 Be7 11. Bxf6 Bxf6 12. Nd5 Bg5 13. O-O O-O 14. c3 Kh8 15.
Qe2 Bh6 16. Rad1 Qh4 17. g3 Qh3 18. Ne3 Bxe3 19. Qxe3 Rcd8 20. Rd2 Ne7 21. Rfd1
Nc8 22. Bd5 Rd7 23. Nc4 Rfd8 24. a5 f6 25. f3 Bxd5 26. Rxd5 Qe6 27. Nb6 Nxb6
28. Qxb6 Kg8 29. c4 Kf7 30. Qb3 Rc8 31. Qd3 Ke7 32. b4 h6 33. c5 Rcd8 34. Qc3
dxc5 35. Qxc5+ Kf7 36. Kg2 Kg6 37. g4 Kh7 38. h3 Qe8 39. Kg3 Rxd5 40. exd5 Qa4
41. Rd2 Qa1 42. Qc2+ Kh8 43. Rd1 Qa3 44. d6 e4 45. Qxe4 Qa4 46. Rd4 Re8 47. Qd3
Qd7 48. h4 Rd8 49. h5 Kg8 50. Qc4+ Kh7 51. Qc2+ Kg8 52. Qc5 Kf8 53. Qd5 Qf7 54.
Qf5 Qe8 55. Kf2 Qc6 56. Qc5 Qd7 57. Qc7 Kf7 58. f4 Kf8 59. Kf3 Kf7 60. Qxd7+
Rxd7 61. Ke4 Rd8 62. Kd5 f5 63. gxf5 Kf6 64. Rc4 Kxf5 65. Rc7 g6 66. Rf7+ 1-0

[Event "XXVII Festival Conca della Presolana A"]
[Site "Bratto - Castione della Presolana ITA"]
[Date "2007.08.24"]
[Round "2"]
[White "Scalcione, Michelangelo"]
[Black "Shytaj, Luca"]
[Result "1/2-1/2"]
[WhiteElo "2288"]
[BlackElo "2451"]
[PlyCount "85"]
[EventDate "2007.08.23"]

1. Nf3 c5 2. c4 Nc6 3. d4 cxd4 4. Nxd4 Nf6 5. Nc3 e6 6. a3 Bc5 7. Nb3 Be7 8. e4
O-O 9. Be2 b6 10. Be3 Ba6 11. f4 Rc8 12. O-O d6 13. Bd3 Re8 14. Qe2 Bf8 15.
Rad1 Qc7 16. Nb5 Qb8 17. Bd2 Bb7 18. Bc3 e5 19. a4 a6 20. Na3 Nd4 21. Nxd4 exd4
22. Bxd4 Nxe4 23. Qg4 Nc5 24. f5 Nxd3 25. Bxg7 Re4 26. Qg5 f6 27. Bxf6+ Kf7 28.
Rxd3 Be7 29. Bxe7 Rg8 30. Qh5+ Kxe7 31. f6+ Kd8 32. f7 Rf8 33. Qh6 Kd7 34. Qh3+
Kc7 35. a5 bxa5 36. Qg3 Qa7+ 37. Kh1 Qc5 38. Rd2 Re6 39. Qg7 Qf5 40. Kg1 Qc5+
41. Kh1 Qf5 42. Kg1 Qc5+ 43. Kh1 1/2-1/2

[Event "XXVII Festival Conca della Presolana A"]
[Site "Bratto - Castione della Presolana ITA"]
[Date "2007.08.24"]
[Round "2"]
[White "Siebrecht, Sebastian"]
[Black "Cugini, Verter"]
[Result "1-0"]
[WhiteElo "2431"]
[BlackElo "2199"]
[PlyCount "133"]
[EventDate "2007.08.23"]

1. d4 d6 2. e4 Nf6 3. Nc3 g6 4. Nf3 Bg7 5. Be3 c6 6. Qd2 Nbd7 7. O-O-O O-O 8.
Bh6 Qa5 9. Kb1 Bxh6 10. Qxh6 Qh5 11. Qe3 Ng4 12. Qe1 e5 13. h3 exd4 14. Nxd4
Ngf6 15. f4 Ne8 16. g4 Qa5 17. h4 Ndf6 18. g5 Nh5 19. f5 Qe5 20. Be2 Ng3 21.
Rh3 Nxe4 22. Nxe4 Qxe4 23. Qf2 Qe5 24. Re3 Qc5 25. Rf3 Bxf5 26. Nxf5 gxf5 27.
Qxc5 dxc5 28. Rxf5 Ng7 29. Rxc5 Rad8 30. Bd3 Ne6 31. Re5 Rd5 32. Rxd5 cxd5 33.
Bf5 Rd8 34. c3 Nf4 35. Rd4 Ne6 36. Rd2 Kg7 37. Kc2 Rd6 38. Bxe6 fxe6 39. h5 e5
40. c4 d4 41. Kd3 Rc6 42. Re2 Re6 43. b4 Re8 44. Rf2 Re7 45. Ke4 Re8 46. c5 a6
47. a4 Re7 48. Rf6 Re8 49. b5 axb5 50. axb5 Rc8 51. c6 bxc6 52. Rxc6 Rd8 53.
Rc7+ Kg8 54. Kd3 e4+ 55. Kd2 Rb8 56. Rc5 Ra8 57. b6 Ra2+ 58. Rc2 e3+ 59. Kd3
Ra3+ 60. Kxd4 Rb3 61. Kc5 Kf7 62. Kc6 Ke6 63. Rg2 Rc3+ 64. Kb7 Rd3 65. g6 hxg6
66. hxg6 Rd2 67. Rg1 1-0

[Event "XXVII Festival Conca della Presolana A"]
[Site "Bratto - Castione della Presolana ITA"]
[Date "2007.08.24"]
[Round "2"]
[White "Spassov, Liuben D."]
[Black "Burmakin, Vladimir"]
[Result "1/2-1/2"]
[WhiteElo "2383"]
[BlackElo "2581"]
[PlyCount "111"]
[EventDate "2007.08.23"]

1. d4 d5 2. c4 c6 3. Nf3 Nf6 4. e3 Bf5 5. Nc3 e6 6. Nh4 Be4 7. f3 Bg6 8. Qb3
Qc7 9. Bd2 Nbd7 10. Rc1 Qb6 11. Nxg6 hxg6 12. g3 Bd6 13. Kf2 dxc4 14. Bxc4 Qxb3
15. Bxb3 e5 16. dxe5 Bxe5 17. e4 Nc5 18. Bc2 Rd8 19. Be3 Bd4 20. Rcd1 Bxe3+ 21.
Kxe3 Rxd1 22. Bxd1 g5 23. b4 Ne6 24. h4 Ke7 25. Bb3 Nd7 26. f4 gxf4+ 27. gxf4
g6 28. Ne2 Nf6 29. Ng3 Ng7 30. Bd1 a5 31. bxa5 Ra8 32. Bb3 Rxa5 33. Rd1 Ne6 34.
Rd2 Nc5 35. e5 Nfd7 36. Ne4 Nxe4 37. Kxe4 Nc5+ 38. Kf3 Rb5 39. Bc4 Rb4 40. Rc2
Ne6 41. Bxe6 Kxe6 42. Kg4 Rb1 43. Rd2 c5 44. Rd6+ Ke7 45. Rd5 Rg1+ 46. Kf3 b6
47. a4 c4 48. Rd6 c3 49. Rc6 Rc1 50. Ke2 c2 51. Kd2 Ra1 52. Rxc2 Rxa4 53. Rc7+
Ke8 54. Ke3 Rb4 55. Rb7 Rb3+ 56. Ke4 1/2-1/2

[Event "XXVII Festival Conca della Presolana A"]
[Site "Bratto - Castione della Presolana ITA"]
[Date "2007.08.24"]
[Round "2"]
[White "Testa, Adriano"]
[Black "Reduzzi, Maurizio"]
[Result "1/2-1/2"]
[WhiteElo "1927"]
[BlackElo "2105"]
[PlyCount "86"]
[EventDate "2007.08.23"]

1. e4 c5 2. Nf3 e6 3. d3 Nc6 4. g3 g6 5. Bg2 Bg7 6. O-O Nge7 7. c3 e5 8. Be3 d6
9. h3 O-O 10. Na3 b6 11. Nd2 d5 12. Nb3 d4 13. cxd4 cxd4 14. Bd2 Be6 15. f4 Qd7
16. g4 exf4 17. Bxf4 Ne5 18. Nc1 Rac8 19. Ne2 b5 20. Nc2 N7c6 21. Qd2 a5 22.
Ne1 a4 23. a3 Bb3 24. Rc1 Qe7 25. Bxe5 Bxe5 26. Nf3 Bg7 27. Kh1 b4 28. axb4
Qxb4 29. Nf4 Qxd2 30. Nxd2 Ne5 31. Nxb3 axb3 32. g5 h6 33. h4 Rc2 34. Rxc2 bxc2
35. Rc1 Rc8 36. Bh3 Rc5 37. Kg2 hxg5 38. hxg5 f6 39. gxf6 Bxf6 40. Be6+ Kh7 41.
Bb3 Bg5 42. Ne6 Bxc1 43. Nxc5 Bxb2 1/2-1/2

[Event "XXVII Festival Conca della Presolana A"]
[Site "Bratto - Castione della Presolana ITA"]
[Date "2007.08.24"]
[Round "2"]
[White "Tommaselli, Giacomo"]
[Black "Pagnoncelli, Marco"]
[Result "0-1"]
[WhiteElo "2030"]
[BlackElo "2129"]
[PlyCount "98"]
[EventDate "2007.08.23"]

1. d4 Nf6 2. Nf3 g6 3. Bg5 Bg7 4. Nbd2 c5 5. e3 b6 6. c3 O-O 7. Bd3 Ba6 8. Bxa6
Nxa6 9. h3 d6 10. O-O h6 11. Bf4 b5 12. Qe2 Qb6 13. a3 Rac8 14. Bh2 Rfd8 15.
Nh4 e6 16. f4 Kh7 17. Nhf3 d5 18. Ne5 Qb7 19. g4 Ne4 20. f5 exf5 21. gxf5 Bxe5
22. fxg6+ fxg6 23. Bxe5 Nxd2 24. Qxd2 Rf8 25. Rf2 Qe7 26. Raf1 cxd4 27. exd4
Nb8 28. Rf4 Nd7 29. Qg2 Qe6 30. Rxf8 Rxf8 31. Rxf8 Nxf8 32. Qf3 Nd7 33. Bc7 a6
34. Kg2 Nf6 35. Be5 Nd7 36. Bc7 Kg8 37. Kh2 Nf6 38. Be5 Ne4 39. Qf4 Ng5 40. Qg3
Qf5 41. h4 Qc2+ 42. Kg1 Qb1+ 43. Kg2 Qxb2+ 44. Kg1 Qc1+ 45. Kg2 Qd2+ 46. Kg1
Qd1+ 47. Kg2 Qe2+ 48. Qf2 Qxf2+ 49. Kxf2 Ne4+ 0-1